000 01571cam a22003734a 4500
999 _c8089
_d8089
001 12933060
003 OSt
005 20230315155926.0
008 020917s2003 nyu b 001 0 eng
010 _a 2002015249
020 _a0814747760 (cloth : alk. paper)
020 _a0814747779 (pbk. : alk. paper)
040 _aDLC
_cDLC
_dDLC
042 _apcc
043 _an-us---
050 0 0 _aHC110.T4
_bH35 2003
082 0 0 _a320.6Hal 2003
245 0 4 _aThe half-life of policy rationales :
_bhow new technology affects old policy issues /
_cedited by Fred E. Foldvary and Daniel B. Klein.
260 _aNew York :
_bNew York University Press,
_c2003.
300 _aix, 276 p. ;
_c24 cm.
500 _a"A Cato Institute book."
504 _aIncludes bibliographical references and index.
650 0 _aTechnological innovations
_xGovernment policy
_zUnited States.
_916478
650 0 _aFree enterprise
_zUnited States.
_916479
650 0 _aTechnological innovations
_xGovernment policy.
_916480
650 0 _aFree enterprise.
_91753
700 1 _aFoldvary, Fred E.,
_d1946-
_916481
700 1 _aKlein, Daniel B.
_916482
856 4 2 _3Publisher description
_uhttp://www.loc.gov/catdir/enhancements/fy0730/2002015249-d.html
856 4 2 _3Contributor biographical information
_uhttp://www.loc.gov/catdir/enhancements/fy0734/2002015249-b.html
906 _a7
_bcbc
_corignew
_d1
_eecip
_f20
_gy-gencatlg
942 _2ddc
_cO_SHELF